000 01134nam a2200313 i 4500
001 000002990
003 DO-SdBNP
005 20251022121318.0
007 ta
008 090706s1991 dr 001 0 spa d
040 _aDO-SdBNP
_bspa
_cBNPHU
_erda
041 _aspa
082 4 _a327.72910729
_bG643c
_222
100 _aGonzález Núñez, Gerardo
_eautor
_4aut.
_99491
245 1 3 _aEl Caribe en la política exterior de Cuba :
_bbalance de 30 años, 1959-1989 /
_cGerardo González Núñez.
264 1 _aSanto Domingo :
_bEdiciones Cipros,
_c1991.
300 _a95 páginas ;
_c23 cm.
336 _atexto
_btxt
_2rdacontent
337 _asin mediación
_bn
_2rdamedia
338 _avolumen
_bnc
_2rdacarrier
500 _aIncluye datos biográficos del autor
504 _aIncluye referencias bibliografícas y notas al pie de páginas
590 _aInventariado, 2018/BT
651 4 _aCuba
_xRelaciones Exteriores
_zCaribe (Región)
_99492
651 0 _aCaribe (Región)
_xRelaciones exteriores
_zCuba
_987401
651 4 _aCuba
_xRelaciones exteriores
_y1959-1989
_99494
910 _aJornada de catalogación
942 _2ddc
_cLBS1
999 _c2822
_d2822